000 01221nam0a2200337 i 4500
001 RU\NLR\BIBL_A\010003507
005 20240921201827.0
010 _a9785227045706
_93000
021 _aRU
_b2013-77715
_95352
035 _a(NILC)RuMoRGB-006672979
035 _a(NLR Aleph) 010003507
090 _a9810366
_c9810366
100 _a20131113d2013 um y0rusy50 ca
101 0 _arus
102 _aRU
105 _ay|||z||||||||
200 1 _a100 рецептов при болезнях печени
_eвкусно, полезно, душевно, целебно
_fИрина Вечерская
210 _aМосква
_cЦентрполиграф
_d2013
215 _a156, [1] с.
_d17
225 1 _aДушевная кулинария
606 1 _aПечень
_xБолезни
_xЛечебное питание
_91484314
_3RU\NLR\AUTH\66634169
606 1 _aДиетические блюда
_xРецептура
_92080802
_3RU\NLR\AUTH\661256754
675 _a615.89
686 1 _aЛ996.5
686 1 _aР413.51-51
700 1 _aВечерская
_bИ. С.
_gИрина С.
801 0 _aRU
_bRuMoRKP
_c20130926
_gRCR
801 2 _aRU
_bРГБ
_c20131007
_grcr
942 _cBOOK
980 _aNBR